MARC

LEADER 00000nas a2200000 a 4500
001 ssj0012710
003 WaSeSS
005 20200512172242.0
006 m d
007 cr n
008 021231c19069999ncuqr pss 0 a0eng c
010 |a  2002215651 
016 7 |a 2067064-3  |2 DE-600 
022 |a 1543-0383  |y 0039-3738 
035 |a (WaSeSS)ssj0012710 
037 |b University of North Carolina Press, 116 S. Boundary St., Chapel Hill, NC 27514 
040 |a NSD  |b eng  |c NSD  |d OCLCQ  |d OCL  |d OCLCQ  |d EYM  |d HEBIS  |d DLC  |d OCLCQ  |d OCLCF  |d OCLCO  |d OCLCQ  |d DEBBG  |d OCLCE  |d UAB  |d OCLCO  |d OCLCA  |d U3W  |d OCLCO  |d GILDS  |d OCLCO  |d MOW  |d AU@  |d WYU  |d OCLCO  |d VT2  |d OCLCO  |d WaSeSS 
042 |a pcc  |a nsdp 
050 1 4 |a P25 
060 1 0 |a W1  |b ST933M 
082 1 0 |a 405  |2 14 
082 0 4 |a 405 
130 0 |a Studies in philology (Online) 
210 0 |a Stud. philol.  |b (Online) 
222 0 |a Studies in philology  |b (Online) 
245 1 0 |a Studies in philology  |h [electronic resource]. 
260 |a Chapel Hill, N.C. :  |b University of North Carolina Press,  |c 1906- 
310 |a Quarterly,  |b 1982- 
321 |a Frequency varies,  |b 1906-1981 
362 0 |a Vol. 1 (1906)- 
500 |a Title from cover (JSTOR, viewed Oct. 9, 2008). 
500 |a Published: Baltimore, MD : J.H. Furst Co., 1913; Winosha, WI : George Banta Pub. Co., 1914; Chapel Hill, NC : University of North Carolina Press, 1915- 
506 |a License restrictions may limit access. 
538 |a Mode of access: World Wide Web. 
546 |a Text in English and French. 
550 |a Published under the direction of the Philological Club of the University of North Carolina, 1906-Apr. 1917. 
588 |a Latest issue consulted: Vol. 109, no. 3 (summer 2012) (Project Muse, viewed Jun. 26, 2012). 
650 0 |a Philology  |v Periodicals. 
650 7 |a Philology.  |2 fast  |0 (OCoLC)fst01060694 
650 6 |a Philologie  |v Périodiques. 
650 1 7 |a Filologie.  |2 gtt 
650 1 7 |a Philologie.  |2 rasuqam 
650 7 |a Littérature anglaise.  |2 rasuqam 
650 7 |a Littérature médiévale.  |2 rasuqam 
650 2 |a Philology. 
655 0 |a Electronic journals. 
710 2 |a University of North Carolina (1793-1962).  |b Philological Club. 
776 0 8 |i Print version:  |t Studies in philology  |x 0039-3738  |w (DLC) 07011058  |w (OCoLC)1766738 
856 4 0 |z Full text available from Research Library: 01/01/1994 to 1 year ago  |u https://search.proquest.com/publication/1075